| 000 | 00530nam a2200133Ia 4500 | ||
|---|---|---|---|
| 008 | 220620s9999||||xx |||||||||||||| ||und|| | ||
| 022 | _a16648714 | ||
| 100 | _aJiri Kanta||Alena Mrkvicova||Ralf Weiskirchen | ||
| 245 | 0 | _aLiver Myofibroblasts | |
| 546 | _aEnglish[eng] | ||
| 650 | _aXanthohumol||Hepatic Stellate Cells||therapy||Portal myofibroblasts||Cytoglobin||miRNA||Myofibroblasts||Autophagy||Matrix stiffness||NADPH Oxidase | ||
| 856 | _uhttp://journal.frontiersin.org/researchtopic/3177/liver-myofibroblasts | ||
| 942 | _cEB | ||
| 999 |
_c26593 _d26593 |
||